Pinocchio / (Record no. 47803)
[ view plain ]
| 000 -LEADER | |
|---|---|
| fixed length control field | 00440nam a22001577a 4500 |
| 005 - DATE AND TIME OF LATEST TRANSACTION | |
| control field | 20181115150310.0 |
| 008 - FIXED-LENGTH DATA ELEMENTS--GENERAL INFORMATION | |
| fixed length control field | 181115b ||||| |||| 00| 0 eng d |
| 020 ## - INTERNATIONAL STANDARD BOOK NUMBER | |
| International Standard Book Number | 8187902299 |
| 035 ## - SYSTEM CONTROL NUMBER | |
| System control number | B-230174 |
| 082 ## - DEWEY DECIMAL CLASSIFICATION NUMBER | |
| Classification number | S |
| 245 ## - TITLE STATEMENT | |
| Title | Pinocchio / |
| Statement of responsibility, etc | illustrated by Utsav Bhattacharya |
| 260 ## - PUBLICATION, DISTRIBUTION, ETC. (IMPRINT) | |
| Place of publication, distribution, etc | Noida (U.P.) |
| Name of publisher, distributor, etc | Hello Friend |
| 300 ## - PHYSICAL DESCRIPTION | |
| Extent | Various pagings |
| Other physical details | ill. |
| Dimensions | 27cm (Hb) |
| 700 ## - ADDED ENTRY--PERSONAL NAME | |
| Personal name | Bhattacharya, Utsav |
| 9 (RLIN) | 21931 |
| 942 ## - ADDED ENTRY ELEMENTS (KOHA) | |
| Source of classification or shelving scheme | Dewey Decimal Classification |
| Item type | Children Books |
| Classification part | S |
| Call number suffix | PIN |
| Withdrawn status | Lost status | Source of classification or shelving scheme | Damaged status | Not for loan | Collection code | Home library | Current library | Date acquired | Total Checkouts | Full call number | Barcode | Date last seen | Copy number | Koha item type | Source of acquisition |
|---|---|---|---|---|---|---|---|---|---|---|---|---|---|---|---|
| Dewey Decimal Classification | Not For Loan | Fiction | Patel Nagar | Patel Nagar | 27/09/2010 | S PIN | B-230161 | 27/09/2010 | 1 | Children Books | |||||
| Dewey Decimal Classification | Fiction | Shahdara Branch | Shahdara Branch | 15/11/2018 | 1 | S PIN | B-230174 | 24/05/2023 | Children Books | BPPD/PUB |
